Flaggen, die Flaggen offenbaren #1 - Statistiken

Allgemein
  • Dieses Quiz wurde 512 mal gespielt
  • Das Durchschnittsergebnis liegt bei 18 aus 21
Antworten auf der Karte
Die Antworten werden auf der Karte rot bzw. grün angezeigt, abhängig davon wie oft sie richtig erraten wurden.
 
Antwortstatistiken
Antwort % Korrekt
Japan
100%
Portugal
99%
Griechenland
98%
Italien
98%
Tschechien
97%
Panama
94%
Uruguay
94%
Vietnam
94%
Algerien
93%
Bhutan
91%
Ukraine
91%
Elfenbeinküste
86%
Peru
86%
Singapur
86%
Uganda
85%
Botswana
74%
Palau
74%
Jemen
73%
Antigua und Barbuda
71%
Zentralafrikanische Republik
68%
Sambia
63%
Keine übereinstimmenden Quizze gefunden
Verteilung der Resultate
Anzahl Personen mit jedem Resultat
Perzentil nach korrekt beantworteten Fragen
Ihre Resultats-Entwicklung
Sie haben dieses Quiz noch nicht gespielt